00862nam a2200253Ia 450000500170000000800370001702000180005404100080007208200170008010000240009724501260012125000180024730000480026565000430031365000270035670000350038394200120041826400400043033600270047033700330049733800280053004000350055899900150059320220317001834.0170410s2012 m a g 000 0 s a9786074004076 aspa04a927.72bK13j1 aJordá, María J.10aDescubriendo el mágico mundo de Fridactextos de Maria J. Jordá ; actividades pedagógicas de Carles Torrent Pagás a2a. edición a28 páginasbilustraciones en colorc29 cm142LEMBaPintores mexicanosvBiografías142LEMBaPintura mexicana1 aTorrent Pagás, Carles977737 2ddccBK aMéxicobOcéano Travesíac2012 atextobtxt2rdacontent asin mediaciónbn2rdamedia avolumenbnc2rdacarrier aCO-BoRNBPbspaerdacCO-BoRNBP c8264d8264